Colonies of France in Africa by Modern Countries - Statistics

General Stats
  • This quiz has been taken 43 times
  • The average score is 19 of 20
Answers on the Map
Answers color-coded by a green-red scale on the quiz's map according to % correct below.
 
Answer Stats
Answer % Correct
Algeria
100%
Morocco
100%
Tunisia
100%
Mali
97%
Comoros
95%
Madagascar
95%
Senegal
95%
Central African Republic
92%
Chad
92%
Djibouti
92%
Gabon
92%
Ivory Coast
92%
Benin
89%
Burkina Faso
89%
Cameroon
89%
Guinea
89%
Mauritania
89%
Niger
89%
Republic of the Congo
87%
Togo
84%
No matching quizzes found
Score Distribution
Percent of People with Each Score
Percentile by Number Answered
Your Score History
You have not taken this quiz